A to Z of South East Asian orchid species

Bibliographic Details
Main Author: O'BYRNE
Format: Book
Published: Singapore : Orchid Society of South East Asia , 2001
Subjects:

MARC

LEADER 00000cam a2200000 7i4500
001 0000002054
005 20020917.0
020 0 0 |a 9810444796 
090 0 0 |a R584.40959   |b OBY 2001 
100 1 0 |a O'BYRNE   |h Peter 
245 1 0 |a A to Z of South East Asian orchid species   |c Peter O'Byrne 
260 0 0 |a Singapore :   |b Orchid Society of South East Asia ,   |c 2001 
300 |a 168 p. :   |b col. ill., maps ;   |c 24 cm. 
500 0 0 |a Includes index 
650 0 0 |a Orchids   |x Varieties   |z Asia, Southeastern 
650 0 0 |a Orchids   |z Asia, Southeastern 
998 |a JPSM 
999 |a 0000003428   |b Monograph   |c Reference   |e Default branch